00791nam a2200181 a 4500001001000000003000900010005001700019008004100036040002500077082001500102110003300117245014200150260008000292300003000372942001400402952017600416999001700592000032359DO-SdBNP20260512110455.0110714s19uu dr c 000 0 spa d aDO-SdBNPbspacBNPHU 4bR426m 2221 aRepública Dominicana.944710aMemoria que la Junta Directiva de la Cámara de Comercio, Industria y Agricultura presenta a la Asamblea General de Asociados 1920-1921. aCiudad Trujillo, República Dominicana :bImp. Boletín Oficial,c[192?]. a50 p. :bretrs. ;c23 cm. 2ddccLBS1 001050718RVaPDbPDcCTd2011-07-14iLF1l0oxxxx R426mp32359-10r2020-06-25w2020-06-25y1zPerteneció a la biblioteca personal de Julio Ortega Frier.ZNo se presta c31850d31850